Guillermo de Humboldt y la filosofía del lenguaje /
Exposición sintética de la idea del lenguaje elaborada por el pensador alemán Wilhelm von Humboldt (1767-1835), que presenta sus antecedentes intelectuales inmediatos, plantea el problema de su carácter filosófico y expone parcialmente la posterior suerte histórica de esa lingüística de tradición hu...
Tallennettuna:
| Päätekijä: | |
|---|---|
| Aineistotyyppi: | Kirja |
| Kieli: | espanja |
| Julkaistu: |
Madrid, España :
Gredos,
1953, c1953
|
| Sarja: | (Biblioteca Románica Hispánica. Estudios y Ensayos ;
15) |
| Aiheet: | |
| Tagit: |
Ei tageja, Lisää ensimmäinen tagi!
|
MARC
| LEADER | 00000nam^a2200000^a^4500 | ||
|---|---|---|---|
| 001 | 000153658 | ||
| 005 | 20250521000000.0 | ||
| 009 | 20260310100326.507 | ||
| 037 | |a Acervo ITESO - Biblioteca | ||
| 041 | |a ESP | ||
| 082 | |a 401. |b VAL | ||
| 100 | |a Valverde, José María |e (autor) | ||
| 245 | 1 | 0 | |a Guillermo de Humboldt y la filosofía del lenguaje / |c J.M. Valverde. |
| 264 | 4 | |a Madrid, España : |b Gredos, |c 1953, c1953 | |
| 300 | |a 155 p. | ||
| 336 | |a texto |b txt |2 rdacontenido | ||
| 337 | |a sin mediación |b n |2 rdamedio | ||
| 338 | |a volumen |b nc |2 rdasoporte | ||
| 440 | 1 | |a (Biblioteca Románica Hispánica. |p Estudios y Ensayos ; |v 15) | |
| 520 | |a Exposición sintética de la idea del lenguaje elaborada por el pensador alemán Wilhelm von Humboldt (1767-1835), que presenta sus antecedentes intelectuales inmediatos, plantea el problema de su carácter filosófico y expone parcialmente la posterior suerte histórica de esa lingüística de tradición humboldtiana, mediante la revisión de unos cuantos lingüistas. Acompaña y sustenta el trabajo una traducción parcialmente resumida de la principal obra lingüística del escritor alemán: Sobre la diversidad de la estructura del lenguaje humano y su influencia sobre el desarrollo espiritual de la humanidad, publicada de modo póstumo en 1836 y que constituye la introducción a su trabajo inconcluso Sobre la lengua kawi de la isla de Java (1830-1835). | ||
| 649 | |a XX | ||
| 650 | |a Lingüistas y Semiólogos Alemanes | ||
| 650 | |a Filósofos Alemanes | ||
| 650 | |a Filosofía del Lenguaje | ||
| 650 | |a Lingüística - |x Teoría | ||
| 650 | |a Humboldt, Wilhelm von | ||
| 910 | |a Fondo Salvador Reynoso Reynoso | ||
| 920 | |a Impresos - Libros | ||
| 930 | |a Fondos Especiales | ||
| 905 | |a 112 | ||
| 901 | |a 0800016133 |b IT2 |c ESP |u 20250521 | ||
| 902 | |a https://opac.biblio.iteso.mx/vufind/Record/000153658 | ||